000 00463nam a2200181Ia 4500
001 595
005 20260306140529.0
008 260306t2010||||xx |||||||||||||| ||spa||
041 _aESP
082 _a128
_bL536
100 _aLeocata, Francisco
_eAUT
245 0 _aFilosofía y ciencias humanas :
_bpara un nuevo diálogo interdisciplinario
260 _c2010
300 _a369 páginas :
_c23 cm.
650 _aGEN
654 _aCHU
942 _cLIB
_dJUS
_fJUS
_2ddc
_n
999 _c595
_d595